El príncipe / (Registro nro. 27871)

Detalles MARC
000 -LEADER
fixed length control field 00811nam a22002177a 4500
003 - CONTROL NUMBER IDENTIFIER
control field CO-CtgCURN
005 - DATE AND TIME OF LATEST TRANSACTION
control field 20250402153830.0
008 - FIXED-LENGTH DATA ELEMENTS--GENERAL INFORMATION
fixed length control field 250402b |||||||| |||| 00| 0 eng d
020 ## - INTERNATIONAL STANDARD BOOK NUMBER
International Standard Book Number 9583006386
040 ## - CATALOGING SOURCE
Transcribing agency coctgcurn
082 ## - DEWEY DECIMAL CLASSIFICATION NUMBER
Classification number 320.1
Item number M297p
100 ## - MAIN ENTRY--PERSONAL NAME
Personal name Maquiavelo, Nicolás.
245 ## - TITLE STATEMENT
Title El príncipe /
Statement of responsibility, etc. Nicolás Maquiavelo , traducción Edmundo González Blanco , incluye comentarios de Napoleón Bonaparte.
260 ## - PUBLICATION, DISTRIBUTION, ETC.
Place of publication, distribution, etc. Bogotá :
Name of publisher, distributor, etc. Panamericana editorial,
Date of publication, distribution, etc. 1999
300 ## - PHYSICAL DESCRIPTION
Extent 227 páginas.
500 ## - GENERAL NOTE
General note Incluye índice.
505 ## - FORMATTED CONTENTS NOTE
Formatted contents note Dedicatoria -- Extractos de los discursos de Maquiavelo sobre las décadas de Tito Livio
650 ## - SUBJECT ADDED ENTRY--TOPICAL TERM
Topical term or geographic name entry element Ciencia política
General subdivision Historia
700 ## - ADDED ENTRY--PERSONAL NAME
Personal name González Blanco, Edmundo S.,
Relator term traductor
942 ## - ADDED ENTRY ELEMENTS (KOHA)
Source of classification or shelving scheme Dewey Decimal Classification
Koha item type Libros
Classification part 320.1
Item part M297p
Suppress in OPAC No
Existencias
Withdrawn status Lost status Source of classification or shelving scheme Damaged status Not for loan Collection Home library Current library Shelving location Date acquired Inventory number Total checkouts Full call number Barcode Date last seen Copy number Price effective from Koha item type Public note Date last checked out
    Dewey Decimal Classification     General Miguel Henríquez Castañeda Miguel Henríquez Castañeda General 04/02/2025 012982   320.1 M297p 012982 04/02/2025 ej.4 04/02/2025 Libros 320-CIENPO  
    Dewey Decimal Classification     General Miguel Henríquez Castañeda Miguel Henríquez Castañeda General 04/02/2025 002787   320.1 M297p 002787 04/02/2025 ej.5 04/02/2025 Libros 320-CIENPO  
    Dewey Decimal Classification     General Miguel Henríquez Castañeda Miguel Henríquez Castañeda General 05/21/2025 010982 1 320.1 M297p 010982 05/21/2025 ej.6 05/21/2025 Libros 320-CIENPO 05/21/2025
    Dewey Decimal Classification     General Miguel Henríquez Emiliani Miguel Henríquez Emiliani General 04/02/2025 002789   320.1 M297p 002789 04/02/2025 ej.1 04/02/2025 Libros 320-CIENPO  
    Dewey Decimal Classification     General Miguel Henríquez Emiliani Miguel Henríquez Emiliani General 04/02/2025 012981   320.1 M297p 012981 04/02/2025 ej.2 04/02/2025 Libros 320-CIENPO  
    Dewey Decimal Classification     General Miguel Henríquez Emiliani Miguel Henríquez Emiliani General 04/02/2025 012980   320.1 M297p 012980 04/02/2025 ej.3 04/02/2025 Libros 320-CIENPO